000 00369 a2200157 4500
001 72356
020 _a8532252230
040 _cAnchieta - Colégio São Paulo
100 _aMunduruku, Daniel
240 1 0 _aUm estranho sonho de futuro
_lpor
245 1 0 _aUm estranho sonho de futuro
300 _a108
362 0 _a2004
650 4 _aLiteratura juvenil
942 _cBK
999 _c72356
_d72356